Statistics for Name All Taylor Swift Midnights Tracklist

Click here to take the quiz!

General Stats

  • This quiz has been taken 31 times
  • The average score is 10 of 13

Answer Stats

HintAnswer% Correct
#3Anti-Hero
93%
#1Lavender Haze
93%
#2Maroon
86%
#4Snow on the Beach
86%
#9Bejeweled
79%
#11Karma
79%
#6Midnight Rain
79%
#7Question...?
79%
#5You're on Your Own, Kid
79%
#10Labyrinth
71%
#13Mastermind
71%
#12Sweet Nothing
57%
#8Vigilante Sh!t
43%

Score Distribution

Percentile by Number Answered

Percent of People with Each Score

Your Score History

You have not taken this quiz